000 00580nam a22001817a 4500
999 _c183684
_d183684
005 20211231104033.0
010 _aENG-130832
020 _a978-93-90185-86-3
_c845.00
035 _aEN-114364
037 _bDBAD
082 _a657.3
100 _aSubramanyam, K.R.
245 _aFinancial Statement:
_cK.R. Subramanayam
_bAnalysis/
260 _aChennai
_bMcGraw Hill Education Private Limited
_c2017
270 _a444/1, Sri Ekambara Naicker Industrial Estate, Alapakkam, Porur
_bChennai
_e600116
300 _a824p
_c27cm(pbk)
942 _2ddc
_cEN
_h657.3
_mSUB